RNA : (Record no. 4456)

MARC details
000 -LEADER
fixed length control field 01545cam a22003374a 4500
001 - CONTROL NUMBER
control field 16378167
003 - CONTROL NUMBER IDENTIFIER
control field OSt
005 - DATE AND TIME OF LATEST TRANSACTION
control field 20160624140120.0
008 - FIXED-LENGTH DATA ELEMENTS--GENERAL INFORMATION
fixed length control field 100804s2011 nyua b 001 0 eng
010 ## - LIBRARY OF CONGRESS CONTROL NUMBER
LC control number 2010030576
020 ## - INTERNATIONAL STANDARD BOOK NUMBER
International Standard Book Number 9780879698904 (hardcover : alk. paper)
020 ## - INTERNATIONAL STANDARD BOOK NUMBER
International Standard Book Number 9780879698911 (pbk. : alk. paper)
035 ## - SYSTEM CONTROL NUMBER
System control number (DNLM)101537558
040 ## - CATALOGING SOURCE
Original cataloging agency DNLM/DLC
Transcribing agency DLC
042 ## - AUTHENTICATION CODE
Authentication code pcc
050 00 - LIBRARY OF CONGRESS CALL NUMBER
Classification number QP623
Item number .R5692 2011
060 10 - NATIONAL LIBRARY OF MEDICINE CALL NUMBER
Classification number QU 25
082 00 - DEWEY DECIMAL CLASSIFICATION NUMBER
Classification number QW 58
Item number R561d 2011
245 00 - TITLE STATEMENT
Title RNA :
Remainder of title a laboratory manual /
Statement of responsibility, etc. Donald C. Rio ... [et al.].
260 ## - PUBLICATION, DISTRIBUTION, ETC. (IMPRINT)
Place of publication, distribution, etc. Cold Spring Harbor, N.Y. :
Name of publisher, distributor, etc. Cold Spring Harbor Laboratory Press,
Date of publication, distribution, etc. 2011.
300 ## - PHYSICAL DESCRIPTION
Extent xiii, 586 p. :
Other physical details col.ill ;
Dimensions 28 cm.
504 ## - BIBLIOGRAPHY, ETC. NOTE
Bibliography, etc Includes bibliographical references and index.
505 0# - FORMATTED CONTENTS NOTE
Formatted contents note The fundamentals -- Purification of RNA from natural sources -- Detection and characterization of specific RNAs -- Synthesis, purification labeling, and substitution of transcripts synthesized in vitro -- Detecting and defining RNA/protein and RNA/RNA interactions -- Analysis of RNA-processing reactions using cell-free systems -- RNA interference -- Genomic approaches.
650 #0 - SUBJECT ADDED ENTRY--TOPICAL TERM
Topical term or geographic name as entry element RNA
General subdivision Analysis
Form subdivision Laboratory manuals.
9 (RLIN) 9566
650 12 - SUBJECT ADDED ENTRY--TOPICAL TERM
Topical term or geographic name as entry element RNA
Form subdivision Laboratory Manuals.
9 (RLIN) 9567
650 22 - SUBJECT ADDED ENTRY--TOPICAL TERM
Topical term or geographic name as entry element Genetic Techniques
Form subdivision Laboratory Manuals.
9 (RLIN) 9568
700 1# - ADDED ENTRY--PERSONAL NAME
Personal name Rio, Donald Charles.
9 (RLIN) 9569
906 ## - LOCAL DATA ELEMENT F, LDF (RLIN)
a 7
b cbc
c orignew
d 1
e ecip
f 20
g y-gencatlg
942 ## - ADDED ENTRY ELEMENTS (KOHA)
Source of classification or shelving scheme Other/Generic Classification Scheme
Koha item type Open Shelf
Holdings
Withdrawn status Lost status Source of classification or shelving scheme Damaged status Not for loan Home library Current library Date acquired Inventory number Total Checkouts Full call number Barcode Date last seen Price effective from Koha item type
    Dewey Decimal Classification     MUST Main Library MUST Main Library 24/06/2016 2011/35261   QW 58 R561d 2011 2016-2670 24/06/2016 24/06/2016 Open Shelf